| 000 | 00607nam a22002173a 4500 | ||
|---|---|---|---|
| 005 | 20241012063722.0 | ||
| 008 | 011024s1986 mx fr 000 0 spa d | ||
| 020 | _a8425411602 | ||
| 035 | _aUPN01000113505 | ||
| 049 | _aCG | ||
| 050 | 4 |
_aRC489 T7 _bR6.28 1986 |
|
| 100 | 1 | _aRogoll, Rüdiger | |
| 245 | 1 | 3 |
_aEl análisis transaccional / _cRüdiger Rogoll ; tr. Claudio Gancho. |
| 250 | _a2a ed. | ||
| 260 |
_aBarcelona, Esp. : _bHerder, _c1986. |
||
| 300 | _a162 p. | ||
| 440 | 0 |
_aBiblioteca de picología ; _v71 |
|
| 650 | 4 | _aANALISIS TRANSACCIONAL | |
| 650 | 4 |
_aPsicoterapia _98720 |
|
| 905 | _aLibro | ||
| 999 |
_c87413 _d87413 |
||